Politická ekonómia kapitalizmu metodická pomôcka k seminárom pre 1. ročník

Gespeichert in:
Bibliographische Detailangaben
1. Verfasser: Šíbl, Drahoš
Körperschaft: Vysoká škola ekonomická v Bratislave. Národohospodárska fakulta
Weitere Verfasser: Hontyová, Kajetána
Format: Buch
Sprache:Slowakisch
Veröffentlicht: Bratislava VŠE 1981
Ausgabe:2. vyd.
Tags: Tag hinzufügen
Keine Tags, Fügen Sie das erste Tag hinzu!

MARC

LEADER 00000nam a2200000 4500
001 c133203
005 20230116121504.3
041 0 |a slo 
044 |a SK 
245 1 0 |a Politická ekonómia kapitalizmu  |b metodická pomôcka k seminárom pre 1. ročník  |c Drahoš Šíbl, Kajetána Hontyová 
250 |a 2. vyd. 
264 1 |a Bratislava  |b VŠE  |c 1981 
300 |a 111 s. 
100 1 |a Šíbl, Drahoš 
700 1 |a Hontyová, Kajetána 
710 2 |a Vysoká škola ekonomická v Bratislave. Národohospodárska fakulta